Statistics for Random Translations Quiz #2

Click here to take the quiz!

General Stats

  • This quiz has been taken 28,983 times
  • The average score is 14 of 24

Answer Stats

Language Word or Phrase Translation % Correct
FrenchPetitSmall
92%
FrenchFromageCheese
90%
SpanishFiestaParty
88%
Spanish¿Cómo estás?How are you?
86%
ChineseNi HaoHello
83%
FrenchVousYou
81%
GermanWillkommenWelcome
76%
FrenchGarçonBoy
75%
LatinTaurusBull
73%
ItalianBuongiornoGood Morning
61%
FrenchDieuGod
57%
GermanJa, bitteYes, Please
54%
LatinAnnus HorribilisHorrible Year
54%
ItalianDolce VitaSweet Life
45%
YiddishMazel TovGood Luck
45%
RussianSpasiboThank You
45%
GermanProstCheers
43%
PortugueseEsposaWife
43%
HawaiianOhanaFamily
37%
FrenchDéjà VuAlready Seen
35%
JapaneseUnagiFreshwater Eel
29%
ItalianA Prima VistaAt First Sight
26%
FrenchCordon BleuBlue Ribbon
19%
RussianMirPeace
16%

Score Distribution

Percentile by Number Answered

Percent of People with Each Score

Your Score History

You have not taken this quiz